000 00551nam a2200205Ia 4500
005 20250425160727.0
008 250425s9999 xx 000 0 und d
041 _aspa
082 _a378.8
245 0 _aPEDAGOGIA UNIVERSITARIA EN AMERICA LATINA ANTECEDENTES Y PERSPECTIVAS
250 _a1A ED.
260 _aChile
_bCINDA
_c1984
260 _aSANTIAGO DE CHILE
300 _a217
650 _aEDUCACION SUPERIOR
650 _aI-PROGRAMA REGIONAL DE PEDAGOGIA
650 _aUNIVERSIDADES DE AMERICA LATINA
942 _c01
010 _a3626
999 _c194944
_d194944